[Event "1st FIDE OWCCCC Pools-East 2021"]
[Site "Online"]
[Date "2021.02.19"]
[Round "3.14"]
[White "Deboosere, Adam Moussa"]
[Black "Jonnalagadda, Rama krishna"]
[Result "0-1"]
[WhiteElo "1702"]
[BlackElo "2181"]
[Annotator "TA"]
[PlyCount "122"]
[EventDate "2021.02.19"]
[EventType "team-tourn"]
[EventCountry "NET"]
[SourceTitle "playchess.com"]
[Source "ChessBase"]
[SourceQuality "1"]

1. Nf3 Nf6 2. d4 g6 3. c4 d6 4. e3 Bg7 5. Be2 O-O 6. O-O Nbd7 7. Nc3 e5 8. Qc2 Re8 9. b4 Nf8 10. a4 e4 11. Nd2 Bf5 12. a5 h5 13. a6 b6 14. c5 Ne6 15. Bb5 Nxd4 16. exd4 e3 17. Qd1 exd2 18. Bxd2 Bd7 19. c6 Bf5 20. Rc1 Ng4 21. h3 Nf6 22. Bg5 d5 23. Re1 Qd6 24. Qf3 Ne4 25. Nxe4 dxe4 26. Qf4 Qxb4 27. Bc4 Rac8 28. Bxf7+ Kxf7 29. g4 Qb5 30. gxf5 Qxf5 31. d5 Be5 32. Qxf5+ gxf5 33. Kh1 Bd6 34. Be3 Re5 35. Rg1 Rxd5 36. Rg5 Rg8 37. Rxh5 Ra5 38. Rh7+ Rg7 39. Rh5 Kf6 40. Bd4+ Be5 41. Be3 f4 42. Bd2 Rxa6 43. Rc4 Ra1+ 44. Bc1 e3 45. fxe3 f3 46. Rh6+ Rg6 47. Rh8 Ke6 48. Rf8 Rf6 49. Rxf6+ Kxf6 50. Kg1 Bb2 51. Kf2 Rxc1 52. Rf4+ Ke6 53. Rxf3 Rxc6 54. Rg3 Bf6 55. Rg6 Rc2+ 56. Kf3 Kf7 57. Rg4 a5 58. h4 b5 59. h5 Rh2 60. Rd4 Bxd4 61. exd4 Rxh5 0-1

[Event "1st FIDE OWCCCC Pools-East 2021"]
[Site "Online"]
[Date "2021.02.19"]
[Round "3.15"]
[White "Kavikondala, Nagendra Gopal"]
[Black "Saim, Mohamed Ilias"]
[Result "0-1"]
[WhiteElo "2194"]
[BlackElo "2171"]
[Annotator "TA"]
[PlyCount "68"]
[EventDate "2021.02.19"]
[EventType "team-tourn"]
[EventCountry "NET"]
[SourceTitle "playchess.com"]
[Source "ChessBase"]
[SourceQuality "1"]

1. e4 e5 2. Nf3 Nc6 3. Bc4 Nf6 4. Nc3 Be7 5. O-O d6 6. h3 O-O 7. d3 a6 8. a3 Be6 9. Be3 Qd7 10. Bxe6 fxe6 11. Qe2 Rae8 12. Rad1 d5 13. Bg5 h6 14. Bxf6 Bxf6 15. b4 Qf7 16. b5 Nd4 17. Nxd4 exd4 18. Na4 axb5 19. Nc5 b6 20. Nb3 c5 21. Ra1 Be5 22. g3 Qg6 23. Kg2 dxe4 24. dxe4 d3 25. cxd3 Bxa1 26. Rxa1 Qf6 27. Rc1 Rf7 28. Nd2 Ref8 29. Rf1 Qb2 30. Qd1 Qxa3 31. Qb1 Qc3 32. Nb3 c4 33. Nc1 Qd2 34. Qa2 Rxf2+ 0-1

[Event "1st FIDE OWCCCC Pools-East 2021"]
[Site "Online"]
[Date "2021.02.19"]
[Round "3.15"]
[White "Jagadish, H.d."]
[Black "Ragozin, Andrei"]
[Result "0-1"]
[WhiteElo "2104"]
[BlackElo "2021"]
[Annotator "TA"]
[PlyCount "124"]
[EventDate "2021.02.19"]
[EventType "team-tourn"]
[EventCountry "NET"]
[SourceTitle "playchess.com"]
[Source "ChessBase"]
[SourceQuality "1"]

1. e4 e5 2. d4 exd4 3. Qxd4 Nc6 4. Qe3 b6 5. Nc3 Bb7 6. Bd2 Bc5 7. Qg3 Nf6 8. O-O-O O-O 9. Bh6 Nh5 10. Qg4 Qf6 11. Qxh5 Qxh6+ 12. Qxh6 gxh6 13. Nh3 Rad8 14. a3 a6 15. Bc4 Ne5 16. Bb3 Kg7 17. Rhf1 Ng4 18. Nf4 Nxf2 19. Rde1 Rde8 20. Nh5+ Kg6 21. Nf4+ Kg5 22. Nh3+ Nxh3 23. gxh3 Kg6 24. Re2 Re5 25. h4 Kg7 26. Rg2+ Kh8 27. Rg4 h5 28. Rg5 Rxg5 29. hxg5 Kg7 30. Rf3 Kg6 31. h4 Bd4 32. Nd5 Bxd5 33. Bxd5 c6 34. Bc4 b5 35. Bd3 Be5 36. Rf5 Re8 37. Kd2 Kg7 38. c3 Bg3 39. Be2 Rxe4 40. Bxh5 Re7 41. Bg4 Bxh4 42. Kd3 Kg6 43. Rc5 Bxg5 44. Bf5+ Kg7 45. c4 Be3 46. cxb5 Bxc5 47. bxa6 h5 48. Kc4 Bb6 49. b4 d5+ 50. Kb3 Ra7 51. Bc8 Kg6 52. a4 f5 53. a5 Bg1 54. b5 cxb5 55. Be6 d4 56. Bd5 Rxa6 57. Kb4 d3 58. Kxb5 d2 59. Bf3 Ra7 60. a6 h4 61. Bd1 h3 62. Ka4 h2 0-1

[Event "1st FIDE OWCCCC Pools-East 2021"]
[Site "Online"]
[Date "2021.02.19"]
[Round "3.15"]
[White "Lakshmi, Praneetha K"]
[Black "Stangl, Anita"]
[Result "0-1"]
[WhiteElo "2039"]
[BlackElo "2005"]
[Annotator "TA"]
[PlyCount "76"]
[EventDate "2021.02.19"]
[EventType "team-tourn"]
[EventCountry "NET"]
[SourceTitle "playchess.com"]
[Source "ChessBase"]
[SourceQuality "1"]

1. e4 e6 2. d4 d5 3. e5 c5 4. f4 Nc6 5. Nf3 Qb6 6. a3 cxd4 7. Bd3 f6 8. exf6 Nxf6 9. b4 a6 10. Nbd2 Bd6 11. Nb3 O-O 12. Nfxd4 Ne4 13. Bxe4 dxe4 14. Nxc6 Qxc6 15. O-O e5 16. fxe5 Rxf1+ 17. Kxf1 Bxe5 18. Rb1 Be6 19. Kg1 Rf8 20. Be3 Bc4 21. Qg4 Qf6 22. Nd2 Bd5 23. Nxe4 Qc6 24. Nc5 b6 25. Nd7 Bxh2+ 26. Kxh2 Be6 27. Ne5 Qd6 28. Qg3 Rf5 29. Bf4 Qd4 30. Rf1 Rh5+ 31. Qh3 Bxh3 32. gxh3 Rxe5 33. Bxe5 Qxe5+ 34. Kg2 Qe4+ 35. Kg3 Qxc2 36. Re1 Qc3+ 37. Kf2 Qxa3 38. Re6 Qxb4 0-1

[Event "1st FIDE OWCCCC Pools-East 2021"]
[Site "Online"]
[Date "2021.02.19"]
[Round "3.15"]
[White "Dzwonkowski, Adam"]
[Black "Abu Bakr Mohamed, Mahmoud"]
[Result "1-0"]
[WhiteElo "2009"]
[BlackElo "1692"]
[Annotator "TA"]
[PlyCount "99"]
[EventDate "2021.02.19"]
[EventType "team-tourn"]
[EventCountry "NET"]
[SourceTitle "playchess.com"]
[Source "ChessBase"]
[SourceQuality "1"]

1. e4 c6 2. d4 d5 3. Nd2 dxe4 4. Nxe4 Nd7 5. Nf3 Ngf6 6. Nxf6+ Nxf6 7. Bf4 Bg4 8. Be2 e6 9. O-O Be7 10. c4 O-O 11. h3 Bh5 12. Be5 Nd7 13. Nh2 Nxe5 14. dxe5 Qxd1 15. Bxd1 Bxd1 16. Rfxd1 Rad8 17. f4 Rxd1+ 18. Rxd1 Rd8 19. Rxd8+ Bxd8 20. Kf2 f6 21. exf6 gxf6 22. Nf3 Kf7 23. Ke3 Bb6+ 24. Ke4 h6 25. g4 Bc7 26. Nd4 Bxf4 27. Kxf4 e5+ 28. Ke4 exd4 29. Kxd4 Kg6 30. h4 f5 31. gxf5+ Kxf5 32. b4 Kg4 33. a4 Kxh4 34. c5 Kg3 35. b5 h5 36. a5 cxb5 37. a6 bxa6 38. c6 h4 39. c7 h3 40. c8=Q h2 41. Qg8+ Kf2 42. Qh7 Kg2 43. Qg6+ Kf1 44. Qh5 Kg2 45. Qg4+ Kf2 46. Qh3 Kg1 47. Qg3+ Kf1 48. Qxh2 b4 49. Ke3 b3 50. Qh1# 1-0

[Event "1st FIDE OWCCCC Pools-East 2021"]
[Site "Online"]
[Date "2021.02.19"]
[Round "3.15"]
[White "Krause, Max"]
[Black "Miroslaw, Michal"]
[Result "0-1"]
[WhiteElo "1954"]
[BlackElo "2269"]
[Annotator "TA"]
[PlyCount "84"]
[EventDate "2021.02.19"]
[EventType "team-tourn"]
[EventCountry "NET"]
[SourceTitle "playchess.com"]
[Source "ChessBase"]
[SourceQuality "1"]

1. Nf3 d5 2. d4 c5 3. e3 Nc6 4. Nbd2 cxd4 5. exd4 Nf6 6. Bd3 Bg4 7. c3 e6 8. h3 Bh5 9. O-O Bd6 10. b4 O-O 11. a4 Rc8 12. a5 Ne7 13. Qb3 Bg6 14. Bxg6 Nxg6 15. g3 Qc7 16. Bb2 Bxg3 17. fxg3 Qxg3+ 18. Kh1 Qxh3+ 19. Nh2 Ng4 20. Ndf3 Nf4 21. Qc2 Ne3 22. Qd2 Nxf1 23. Rxf1 Nh5 24. Kg1 Ng3 25. Re1 Ne4 26. Qe3 Qg3+ 27. Kf1 f5 28. Rc1 f4 29. Qg1 Qh3+ 30. Qg2 Ng3+ 31. Kg1 Qf5 32. Qc2 Ne4 33. Qg2 Kh8 34. Ng4 g5 35. Nge5 g4 36. Nh2 h5 37. Qc2 f3 38. Rf1 Rf6 39. Qd3 Qf4 40. Kh1 Ng3+ 41. Kg1 Ne2+ 42. Kh1 Qg3 0-1

[Event "1st FIDE OWCCCC Pools-East 2021"]
[Site "Online"]
[Date "2021.02.19"]
[Round "3.15"]
[White "Wendler, Werner"]
[Black "_ERG_Sannikov"]
[Result "0-1"]
[WhiteElo "1936"]
[BlackElo "1739"]
[Annotator "TA"]
[PlyCount "84"]
[EventDate "2021.02.19"]
[EventType "team-tourn"]
[EventCountry "NET"]
[SourceTitle "playchess.com"]
[Source "ChessBase"]
[SourceQuality "1"]

1. d4 d5 2. c4 dxc4 3. Nf3 Nf6 4. e3 a6 5. a4 b6 6. Bxc4 e6 7. O-O Bb7 8. Nc3 Be7 9. Qe2 O-O 10. Rd1 Nbd7 11. Bd2 Ne4 12. Be1 Ndf6 13. Ne5 Bd6 14. f3 Nxc3 15. bxc3 Bxe5 16. dxe5 Nd7 17. Rd2 Qe7 18. f4 Nc5 19. Rad1 Bc6 20. Ra1 Bxa4 21. e4 Bc6 22. Rd4 Rfd8 23. f5 Rxd4 24. cxd4 Nxe4 25. fxe6 fxe6 26. Bd3 Qd7 27. Bf2 Nxf2 28. Qxf2 Rf8 29. Qh4 g6 30. Rf1 Rxf1+ 31. Kxf1 Qd5 32. Qg5 Bb5 33. Bxb5 axb5 34. Kf2 b4 35. Qf6 Qxd4+ 36. Kg3 Qd3+ 37. Kh4 Qf5 38. Qd8+ Kg7 39. Qxc7+ Kh6 40. Qxb6 g5+ 41. Kg3 Qf4+ 42. Kh3 Qh4# 0-1

[Event "1st FIDE OWCCCC Pools-East 2021"]
[Site "Online"]
[Date "2021.02.19"]
[Round "3.16"]
[White "Zawadzka, Magdalena"]
[Black "Bouychou, Armand"]
[Result "0-1"]
[WhiteElo "2052"]
[BlackElo "1654"]
[Annotator "TA"]
[PlyCount "190"]
[EventDate "2021.02.19"]
[EventType "team-tourn"]
[EventCountry "NET"]
[SourceTitle "playchess.com"]
[Source "ChessBase"]
[SourceQuality "1"]

1. e4 d5 2. exd5 Nf6 3. c4 c6 4. d4 cxd5 5. Nc3 Nc6 6. Nf3 Bg4 7. Be3 e6 8. c5 Be7 9. a3 O-O 10. Bd3 Re8 11. h3 Bh5 12. Be2 Rc8 13. O-O Bg6 14. Re1 Ne4 15. Bb5 Nxc3 16. bxc3 a6 17. Ba4 Bf5 18. Bf4 Qa5 19. Rc1 Red8 20. Qb3 h6 21. Ne5 Nxe5 22. Bxe5 Bg5 23. Rcd1 Kh7 24. Qb4 Qxb4 25. cxb4 f6 26. Bd6 h5 27. f4 Bh4 28. Re2 b5 29. Bb3 Bg3 30. Re3 h4 31. Rd2 Rxd6 32. cxd6 Bxf4 33. Ree2 Bxd2 34. Rxd2 Rd8 35. Bc2 Bxc2 36. Rxc2 Rxd6 37. Kf2 g5 38. Ke3 Kg6 39. Rc5 e5 40. Kd3 e4+ 41. Ke3 f5 42. Rc8 f4+ 43. Kf2 Kf6 44. Rf8+ Kg7 45. Re8 Kf7 46. Re5 Kf6 47. Ke2 Rd8 48. Kf2 Rc8 49. Rxd5 Rc2+ 50. Kf1 Rd2 51. Rd6+ Kf5 52. Rd8 e3 53. d5 Ke5 54. Re8+ Kd6 55. Rd8+ Ke7 56. Ra8 Rxd5 57. Rxa6 Rd6 58. Ra5 Rb6 59. Ra7+ Kf6 60. Rd7 Kf5 61. Rd5+ Kf6 62. Ke2 Ra6 63. Rxb5 Rxa3 64. Rb6+ Kf5 65. Rc6 Ra2+ 66. Kf1 Rb2 67. Rc5+ Ke4 68. b5 f3 69. gxf3+ Kxf3 70. Rf5+ Kg3 71. Rxg5+ Kxh3 72. Re5 Rb3 73. b6 Rxb6 74. Rxe3+ Kg4 75. Re4+ Kg3 76. Re3+ Kf4 77. Re8 Rf6 78. Rh8 Kg3+ 79. Kg1 Rd6 80. Rg8+ Kh3 81. Kf2 Rd2+ 82. Kg1 Rd1+ 83. Kf2 Rd3 84. Rg7 Kh2 85. Rg4 h3 86. Rg8 Rd2+ 87. Kf1 Rg2 88. Rh8 Rg1+ 89. Kf2 Rg2+ 90. Kf1 Rb2 91. Ke1 Rb3 92. Kf2 Kh1 93. Kf1 h2 94. Kf2 Rb1 95. Kg3 Rg1+ 0-1

[Event "1st FIDE OWCCCC Pools-East 2021"]
[Site "Online"]
[Date "2021.02.19"]
[Round "3.16"]
[White "Moaataz, Ayah"]
[Black "Vudumula, Deepthi"]
[Result "1-0"]
[WhiteElo "2028"]
[BlackElo "949"]
[Annotator "TA"]
[PlyCount "65"]
[EventDate "2021.02.19"]
[EventType "team-tourn"]
[EventCountry "NET"]
[SourceTitle "playchess.com"]
[Source "ChessBase"]
[SourceQuality "1"]

1. c4 b6 2. Nc3 Nc6 3. g3 Bb7 4. Bg2 e5 5. d3 f6 6. e3 Bd6 7. Be4 Nge7 8. Nge2 O-O 9. O-O Bb4 10. a3 Bc5 11. d4 Bd6 12. b4 Qc8 13. c5 bxc5 14. bxc5 Na5 15. cxd6 cxd6 16. dxe5 Bxe4 17. Nxe4 fxe5 18. Qxd6 Nb3 19. Ra2 Nxc1 20. Rxc1 Qe8 21. Qxe5 Rc8 22. Rxc8 Qxc8 23. Qxe7 Re8 24. Qc5 Qxc5 25. Nxc5 Rd8 26. Nd4 d6 27. Nb7 Rc8 28. Nxd6 Rc1+ 29. Kg2 Rd1 30. Rb2 Kf8 31. Rb7 a5 32. Ne6+ Kg8 33. Rb8# 1-0

[Event "1st FIDE OWCCCC Pools-East 2021"]
[Site "Online"]
[Date "2021.02.19"]
[Round "3.16"]
[White "_ERG_Sakenova"]
[Black "Merz, Raphael"]
[Result "1-0"]
[WhiteElo "1994"]
[BlackElo "1563"]
[Annotator "TA"]
[PlyCount "55"]
[EventDate "2021.02.19"]
[EventType "team-tourn"]
[EventCountry "NET"]
[SourceTitle "playchess.com"]
[Source "ChessBase"]
[SourceQuality "1"]

1. e4 e5 2. Nf3 Nc6 3. d4 exd4 4. Bc4 Bb4+ 5. c3 dxc3 6. O-O d6 7. Nxc3 Bxc3 8. bxc3 Be6 9. Bxe6 fxe6 10. Qb3 Qc8 11. Ng5 Nd8 12. f4 h6 13. Nf3 Ne7 14. Nd4 c5 15. Nb5 Qc6 16. e5 d5 17. Nd6+ Kd7 18. Be3 Nc8 19. f5 Nxd6 20. exd6 Qxd6 21. fxe6+ Kxe6 22. Rae1 Kd7 23. Rd1 Kc6 24. c4 d4 25. Qb5+ Kc7 26. Bf4 Qxf4 27. Rxf4 b6 28. Re1 1-0

[Event "1st FIDE OWCCCC Pools-East 2021"]
[Site "Online"]
[Date "2021.02.19"]
[Round "3.16"]
[White "Spruenken, Dirk"]
[Black "Pandey Aditya"]
[Result "1-0"]
[WhiteElo "1941"]
[BlackElo "1328"]
[Annotator "NA RC"]
[PlyCount "187"]
[EventDate "2021.02.19"]
[EventType "team-tourn"]
[EventCountry "NET"]
[SourceTitle "playchess.com"]
[Source "ChessBase"]
[SourceQuality "1"]

1. Nf3 d5 2. c4 e6 3. e3 Nf6 4. Nc3 c6 5. d4 Bd6 6. Bd3 Nbd7 7. b3 O-O 8. O-O Re8 9. Bb2 e5 10. dxe5 Nxe5 11. Nxe5 Bxe5 12. Qc2 dxc4 13. Bxc4 Qc7 14. g3 Bh3 15. Rfd1 Rad8 16. Bf1 Bg4 17. Be2 Bh3 18. Bf3 Qc8 19. Bg2 Bf5 20. e4 Rxd1+ 21. Rxd1 Bxc3 22. Qxc3 Bxe4 23. Bxe4 Rxe4 24. Qf3 Re6 25. Kg2 Nd5 26. Qg4 f6 27. h4 Qe8 28. Rd2 Re1 29. h5 Qe4+ 30. Qxe4 Rxe4 31. f3 Re7 32. Kf2 Kf7 33. Ba3 Re5 34. Bd6 Re6 35. Bb8 a6 36. Ba7 g6 37. hxg6+ hxg6 38. a3 Re8 39. b4 f5 40. Bc5 Re6 41. Bd4 Re8 42. f4 Re4 43. Be5 Rc4 44. Kf3 Rc1 45. g4 fxg4+ 46. Kxg4 Rc2 47. Rd3 Rg2+ 48. Kf3 Rg1 49. Ke4 Re1+ 50. Kd4 Rc1 51. Rh3 Ke6 52. Rh6 Kf5 53. Rh7 Rd1+ 54. Kc5 Rc1+ 55. Kd6 Rd1 56. Rf7+ Kg4 57. Ke6 Re1 58. Kd7 Nc3 59. Bxc3 Re3 60. Be5 Rxa3 61. Kc7 Rb3 62. Bd6 a5 63. bxa5 Rb5 64. a6 bxa6 65. Kxc6 Rf5 66. Ra7 a5 67. Ra6 Kf3 68. Kd7 g5 69. fxg5 Rxg5 70. Kc6 Ke4 71. Bc5 Rg6+ 72. Bd6 Rg5 73. Ra8 Kd4 74. Rh8 Kc4 75. Rh4+ Kb3 76. Bc5 a4 77. Kb5 Rf5 78. Rh3+ Ka2 79. Kc4 Rf4+ 80. Bd4 a3 81. Rh2+ Kb1 82. Kb3 Rf3+ 83. Bc3 Rf1 84. Kxa3 Kc1 85. Kb3 Kd1 86. Kc4 Rf3 87. Bd4 Rg3 88. Kd5 Ke1 89. Bf2+ Kf1 90. Bxg3 Kg1 91. Ra2 Kf1 92. Ke4 Kg1 93. Kf3 Kh1 94. Ra1# 1-0

[Event "1st FIDE OWCCCC Pools-East 2021"]
[Site "Online"]
[Date "2021.02.19"]
[Round "3.16"]
[White "Antonova, Svetlana"]
[Black "Justplayin"]
[Result "0-1"]
[WhiteElo "1711"]
[BlackElo "1902"]
[Annotator "TA"]
[PlyCount "122"]
[EventDate "2021.02.19"]
[EventType "team-tourn"]
[EventCountry "NET"]
[SourceTitle "playchess.com"]
[Source "ChessBase"]
[SourceQuality "1"]

1. d4 Nf6 2. c4 g6 3. Nc3 Bg7 4. e4 d6 5. f3 O-O 6. Be3 e5 7. Nge2 a5 8. Qd2 Na6 9. Bh6 Nd7 10. O-O-O exd4 11. Bxg7 Kxg7 12. Nxd4 Ndc5 13. h4 h5 14. g3 Be6 15. Nxe6+ fxe6 16. Bh3 Rxf3 17. g4 Nb4 18. gxh5 Nxa2+ 19. Kb1 Nxc3+ 20. bxc3 Qxh4 21. h6+ Kh7 22. Bf5 Qf4 23. Qd4 Qe5 24. Bxg6+ Kh8 25. Qxe5+ dxe5 26. Rdf1 Raf8 27. Rxf3 Rxf3 28. Kc2 Rg3 29. Bf7 Nxe4 30. Bxe6 Rxc3+ 31. Kb2 Rg3 32. Rh5 Rg5 33. Rh4 Nc5 34. Bd5 b6 35. Rh1 Kh7 36. Ka3 Rg6 37. Re1 Kxh6 38. Rxe5 Rg3+ 39. Kb2 Nd3+ 40. Kc2 Nxe5 41. Bb7 Nxc4 42. Kb1 Re3 43. Ka2 Kg5 44. Ba6 Nd2 45. Kb2 Ne4 46. Kc2 Nc5 47. Bb5 Kf4 48. Kd2 Ke4 49. Bc6+ Kd4 50. Bb5 Ne4+ 51. Kc2 Rc3+ 52. Kb2 Nd6 53. Bf1 Nc4+ 54. Kb1 Nd2+ 55. Kb2 Nxf1 56. Ka2 Kc4 57. Kb2 Kb4 58. Ka2 Rc2+ 59. Ka1 Kb3 60. Kb1 Rc4 61. Ka1 Rc1# 0-1

[Event "1st FIDE OWCCCC Pools-East 2021"]
[Site "Online"]
[Date "2021.02.19"]
[Round "3.16"]
[White "Kamal Mahmoud, Tarek"]
[Black "Serefidou, Despina"]
[Result "0-1"]
[WhiteElo "1329"]
[BlackElo "1933"]
[Annotator "TA"]
[PlyCount "82"]
[EventDate "2021.02.19"]
[EventType "team-tourn"]
[EventCountry "NET"]
[SourceTitle "playchess.com"]
[Source "ChessBase"]
[SourceQuality "1"]

1. e4 e5 2. Nf3 Nc6 3. Be2 Bc5 4. c3 Nf6 5. d3 O-O 6. O-O d5 7. Qc2 h6 8. b4 Bd6 9. h3 a6 10. a3 Qe7 11. exd5 Nxd5 12. c4 Nf4 13. c5 Nd4 14. Nxd4 exd4 15. cxd6 Qxe2 16. Qxe2 Nxe2+ 17. Kh1 Nxc1 18. Rxc1 cxd6 19. Nd2 Bf5 20. Ne4 Bxe4 21. dxe4 Rac8 22. Rd1 Rc4 23. Rd3 Re8 24. f3 f5 25. exf5 Re3 26. Rad1 Rxd3 27. Rxd3 Kf7 28. Kg1 Kf6 29. g4 Ke5 30. Kf2 Rc3 31. Ke2 Rc2+ 32. Rd2 Rc1 33. Rd1 Rxd1 34. Kxd1 Kf4 35. Ke2 Kg3 36. a4 Kxh3 37. Kd3 Kg3 38. Ke4 d3 39. Kxd3 Kxf3 40. Kd4 Kxg4 41. Ke4 h5 0-1

[Event "1st FIDE OWCCCC Pools-East 2021"]
[Site "Online"]
[Date "2021.02.19"]
[Round "3.17"]
[White "Vaisser, Anatoly"]
[Black "Viers, Emmanuel"]
[Result "1-0"]
[WhiteElo "2501"]
[BlackElo "2143"]
[Annotator "TA"]
[PlyCount "95"]
[EventDate "2021.02.19"]
[EventType "team-tourn"]
[EventCountry "NET"]
[SourceTitle "playchess.com"]
[Source "ChessBase"]
[SourceQuality "1"]

1. d4 d5 2. c4 c6 3. cxd5 cxd5 4. Bf4 Nf6 5. Nc3 e6 6. e3 Be7 7. Bd3 Nc6 8. Rc1 Bd7 9. g4 Qa5 10. Kf1 h6 11. a3 Rc8 12. h3 a6 13. Nf3 Na7 14. Kg2 Bc6 15. Ne5 Nd7 16. Rb1 Nxe5 17. Bxe5 O-O 18. h4 f6 19. Bg3 Nb5 20. Ne2 Nd6 21. Nf4 Bd7 22. Ng6 Qd8 23. Nxf8 Qxf8 24. Rc1 Bc6 25. Bb1 Nc4 26. Qd3 Bd6 27. Qh7+ Kf7 28. g5 hxg5 29. hxg5 Bxg3 30. gxf6 Kxf6 31. Qg6+ Ke7 32. Qxg3 Qf6 33. Rh7 Rg8 34. b3 Nxa3 35. Qc7+ Ke8 36. Rxc6 bxc6 37. Qxc6+ Kf7 38. Qc7+ Qe7 39. Bg6+ Kf6 40. Qg3 Qb4 41. Rh4 Qxb3 42. Qe5+ Ke7 43. Qc7+ Kf6 44. Rf4+ Kxg6 45. Qf7+ Kh6 46. Rh4+ Kg5 47. Rh5+ Kg4 48. f3# 1-0

[Event "1st FIDE OWCCCC Pools-East 2021"]
[Site "Online"]
[Date "2021.02.19"]
[Round "3.17"]
[White "Nair, Sanjeev"]
[Black "Deshpande Jaywant"]
[Result "1-0"]
[WhiteElo "2143"]
[BlackElo "1271"]
[Annotator "TA"]
[PlyCount "81"]
[EventDate "2021.02.19"]
[EventType "team-tourn"]
[EventCountry "NET"]
[SourceTitle "playchess.com"]
[Source "ChessBase"]
[SourceQuality "1"]

1. e4 Nc6 2. Nc3 e5 3. g3 Bc5 4. Bg2 d6 5. Na4 Bb6 6. Nxb6 axb6 7. Ne2 Nf6 8. O-O Be6 9. d4 exd4 10. Nxd4 Bg4 11. Nxc6 bxc6 12. Qd3 O-O 13. b3 Ra5 14. h3 Bd7 15. Bb2 Rh5 16. g4 Rh4 17. Qg3 Ne8 18. Rad1 Qg5 19. f4 Qh6 20. c4 b5 21. f5 f6 22. Bc1 g5 23. fxg6 Rxh3 24. gxh7+ Qxh7 25. Qxh3 Qg6 26. Qh5 Qxg4 27. Qxg4+ Bxg4 28. Rd3 Kf7 29. Rg3 Be6 30. cxb5 cxb5 31. Bb2 Ke7 32. Bh3 Bxh3 33. Rxh3 Rg8+ 34. Kf2 Rg4 35. Ke3 Rg2 36. Rh7+ Ke6 37. Rf2 Rg3+ 38. Ke2 Ng7 39. Rxf6+ Ke7 40. Rf2 Ke6 41. Rxg7 1-0

[Event "1st FIDE OWCCCC Pools-East 2021"]
[Site "Online"]
[Date "2021.02.19"]
[Round "3.17"]
[White "Kulagin, Sergey"]
[Black "Gailliegue, Florian"]
[Result "1/2-1/2"]
[WhiteElo "2047"]
[BlackElo "2049"]
[Annotator "TA"]
[PlyCount "118"]
[EventDate "2021.02.19"]
[EventType "team-tourn"]
[EventCountry "NET"]
[SourceTitle "playchess.com"]
[Source "ChessBase"]
[SourceQuality "1"]

1. e4 d6 2. d4 Nf6 3. Nc3 c6 4. f3 Nbd7 5. Be3 e5 6. Qd2 Be7 7. a4 Qc7 8. Nge2 O-O 9. Ng3 Re8 10. Bc4 b6 11. Bb3 a6 12. O-O Bb7 13. Rad1 Bf8 14. Nf5 Rad8 15. Qf2 exd4 16. Bxd4 c5 17. Be3 c4 18. Ba2 Qc6 19. Qg3 Ne5 20. Nh6+ Kh8 21. Nf5 Qc7 22. Bg5 Be7 23. Nxe7 Qxe7 24. f4 Neg4 25. Bxc4 h6 26. Bxf6 Nxf6 27. e5 dxe5 28. Rxd8 Rxd8 29. fxe5 Qc5+ 30. Kh1 Qxc4 31. Qf2 Ng4 32. Qxf7 Bxg2+ 33. Kxg2 Ne3+ 34. Kg1 Qg4+ 35. Kf2 Nxc2 36. Rd1 Rxd1 37. Nxd1 Qxd1 38. Qf8+ Kh7 39. Qf5+ Kg8 40. Qc8+ Kf7 41. Qc7+ Ke6 42. Qxb6+ Kxe5 43. Qc7+ Kf5 44. Qf7+ Ke4 45. Qe6+ Kd3 46. Qxa6+ Kd2 47. Qd6+ Kc1 48. Qxd1+ Kxd1 49. a5 Nb4 50. Ke3 Kc2 51. Ke4 Kxb2 52. Kf5 Kc3 53. Kg6 Kc4 54. Kxg7 Kb5 55. Kxh6 Kxa5 56. Kg6 Kb5 57. h4 Nd5 58. h5 Nf4+ 59. Kg5 Nxh5 1/2-1/2

[Event "1st FIDE OWCCCC Pools-East 2021"]
[Site "Online"]
[Date "2021.02.19"]
[Round "3.17"]
[White "Garcia Lopez, Nicolas"]
[Black "Sekar, Ramya"]
[Result "0-1"]
[WhiteElo "2039"]
[BlackElo "259"]
[Annotator "TA"]
[PlyCount "58"]
[EventDate "2021.02.19"]
[EventType "team-tourn"]
[EventCountry "NET"]
[SourceTitle "playchess.com"]
[Source "ChessBase"]
[SourceQuality "1"]

1. e4 e5 2. Nc3 Nf6 3. f4 d6 4. Nf3 Nc6 5. Bb5 Bg4 6. h3 Bxf3 7. Qxf3 Be7 8. d3 O-O 9. Bc4 Nd4 10. Qf2 Nh5 11. O-O Bh4 12. Qd2 Nxf4 13. Nd5 Nfe2+ 14. Kh2 Bg3+ 15. Kh1 Bf4 16. Rxf4 Nxf4 17. Nxf4 exf4 18. c3 Ne6 19. d4 Qh4 20. b4 Ng5 21. Bd3 Rae8 22. Qe2 Qg3 23. Qf1 Nxe4 24. Bxe4 Rxe4 25. Bd2 Rfe8 26. Qf3 Qxf3 27. gxf3 Re2 28. Rd1 Rf2 29. Kg1 Ree2 0-1

[Event "1st FIDE OWCCCC Pools-East 2021"]
[Site "Online"]
[Date "2021.02.19"]
[Round "3.17"]
[White "Saurabh Shejwalkar"]
[Black "Wafa, Shrook"]
[Result "1/2-1/2"]
[WhiteElo "1817"]
[BlackElo "2182"]
[Annotator "TA"]
[PlyCount "268"]
[EventDate "2021.02.19"]
[EventType "team-tourn"]
[EventCountry "NET"]
[SourceTitle "playchess.com"]
[Source "ChessBase"]
[SourceQuality "1"]

1. e4 c5 2. c3 d5 3. exd5 Qxd5 4. d4 Nf6 5. Nf3 Bg4 6. Be2 Nc6 7. O-O O-O-O 8. c4 Qd6 9. d5 Bxf3 10. Bxf3 Nd4 11. g3 e6 12. Bf4 e5 13. Be3 h5 14. Nc3 h4 15. Bg2 hxg3 16. fxg3 Kb8 17. b4 cxb4 18. Bxd4 exd4 19. Nb5 Qb6 20. Kh1 Bc5 21. Qd2 a6 22. Qf4+ Ka8 23. a4 bxa3 24. Nxa3 Bd6 25. Qf3 Nh5 26. Rfb1 Qc5 27. Qd3 Nxg3+ 28. Kg1 Nh5 29. Nb5 Bxh2+ 30. Kf1 Nf4 31. Rxa6+ Kb8 32. Qxd4 Qxd4 33. Nxd4 Nxg2 34. Kxg2 Kc7 35. Ra7 Rb8 36. Nc6 Bd6 37. Nxb8 Rxb8 38. Ra5 b6 39. Ra7+ Rb7 40. Ra8 Kd7 41. Rg8 g6 42. Rf1 Ke7 43. Rg7 Ke8 44. Rg8+ Ke7 45. Re1+ Kf6 46. Rf1+ Kg5 47. Rg7 Rc7 48. Rfxf7 Rxc4 49. Rd7 Be5 50. Rge7 Bf4 51. Re6 Rc2+ 52. Kf3 Rc3+ 53. Kf2 Rd3 54. Rg7 Rxd5 55. Rgxg6+ Kf5 56. Rgf6+ Kg4 57. Rg6+ Bg5 58. Rxb6 Rf5+ 59. Ke2 Re5+ 60. Kd3 Rd5+ 61. Ke4 Ra5 62. Rb4 Kh5 63. Rgb6 Ra1 64. Rc6 Re1+ 65. Kf3 Re3+ 66. Kf2 Ra3 67. Rb5 Kg4 68. Rc4+ Bf4 69. Rbb4 Rf3+ 70. Ke2 Re3+ 71. Kd1 Rf3 72. Re4 Kg3 73. Kc2 Rf2+ 74. Kd3 Rd2+ 75. Kc4 Rf2 76. Kd5 Rd2+ 77. Ke6 Rf2 78. Rb3+ Kg4 79. Rb1 Rf3 80. Rg1+ Rg3 81. Rf1 Rf3 82. Rg1+ Rg3 83. Rd1 Re3 84. Rxe3 Bxe3 85. Ke5 Kf3 86. Rd3 Ke2 87. Rb3 Kf3 88. Ra3 Ke2 89. Ke4 Bg5 90. Ra2+ Ke1 91. Kf3 Kd1 92. Ra5 Bd2 93. Ra2 Bg5 94. Ke4 Ke1 95. Kd3 Kf1 96. Re2 Bh6 97. Rh2 Bf4 98. Rh4 Bg3 99. Rh7 Kg2 100. Ke3 Bf2+ 101. Ke2 Bg3 102. Rg7 Kh2 103. Kf3 Be5 104. Rg5 Bd6 105. Rd5 Bc7 106. Rd2+ Kg1 107. Rg2+ Kh1 108. Kf2 Bb6+ 109. Kf1 Bc7 110. Rg7 Bh2 111. Kf2 Be5 112. Rh7+ Bh2 113. Kf3 Kg1 114. Rg7+ Kh1 115. Rb7 Bg1 116. Rb1 Kh2 117. Rb2+ Kh1 118. Rg2 Bh2 119. Rf2 Bg1 120. Rf1 Kh2 121. Rd1 Bc5 122. Rd5 Bb6 123. Rh5+ Kg1 124. Rg5+ Kh2 125. Rg6 Bc5 126. Rc6 Bd4 127. Rc4 Be5 128. Rc2+ Kg1 129. Re2 Bd6 130. Rg2+ Kh1 131. Rg8 Be5 132. Kf2 Bd4+ 133. Kf1 Be5 134. Rg5 Bf4 1/2-1/2